| 000 | 00562nam a22001697a 4500 | ||
|---|---|---|---|
| 005 | 20251108175240.0 | ||
| 008 | 250721s2014 xx 000 0 ara d | ||
| 082 | 1 | 4 | _aم/956.5/موس |
| 100 | 1 | _aالموسى، سليمان | |
| 245 | 1 | 0 | _aتاريخ الأردن في القرن العشرين 1958 - 1995 / |
| 264 | 1 |
_aعمان : _bدار ورد الأردنية للنشر والتوزيع، _c2014. |
|
| 300 | _aج.2. | ||
| 650 | 1 | 7 | _aتاريخ الأردن |
| 650 | 1 | 7 | _aعهد الملك حسين 1952 - 1999 |
| 942 |
_2ddc _cREF |
||
| 999 |
_c129666 _d129666 |
||